| 000 | 00369nam a22001337a 4500 | ||
|---|---|---|---|
| 999 |
_c15419 _d15419 |
||
| 020 | _a9789380308586 | ||
| 082 |
_a664.756 _bBHA/IN |
||
| 100 |
_aBhattacharya, Kshirod R _93110 |
||
| 245 | _aIntroduction to rice-grain technology | ||
| 260 |
_aNew Delhi _bWoodhead Publishing India Pvt. Litd. _c2015 |
||
| 300 | _a300p | ||
| 700 |
_aAli, Syed Zakiuddin _93111 |
||
| 942 | _cBK | ||